| 000 | 00550nam a2200169 a 4500 | ||
|---|---|---|---|
| 001 | 000037993 | ||
| 005 | 20201002031140.0 | ||
| 008 | 130311s2008 dr a 000 0 spa d | ||
| 020 | _a9789945881615 | ||
| 040 |
_aDO-SdBNP _bspa _cBNPHU |
||
| 245 | 0 | 3 |
_aLo atractivo esta en la forma : _buna introducción a las marcas para pequeñas y medianas empresas (PYMEs). |
| 250 | _a2a ed. | ||
| 260 |
_aSanto Domingo : _b(ONAPI) , _c2008. |
||
| 300 |
_a35 p. : _bil. ; _c21 cm. |
||
| 500 | _aGuía 2 | ||
| 710 | 1 |
_aOficina Nacional de Propiedad Industrial _964401 |
|
| 999 |
_c37483 _d37483 |
||